000 00571nam a22001937a 4500
005 20170627145446.0
010 _aENG-118933
020 _a9788184656060
_c295.00
035 _aEN-102465
037 _bDBAD/PUB
082 _a280
100 _aRegulas, Bouvert
245 _aChristian psychology /
_cby Bouvert Regulas
260 _aDelhi
_bISPCK
_c2017
270 _aPost Box 1585, 1654, Madarsa Road, Kashmere Gate, Delhi-110006
300 _aviii,242p
_c23cm.(pbk)
500 _aIncludes bibliographical refrence
942 _2ddc
_cEN
_h280
_mREG
999 _c142002
_d142002